000 01195nam2a22002411 4500
001 rc\4971527
005 20250613055607.0
035 _a(NLR Aleph) 008976510
090 _a9158374
_c9158374
100 _a20130430d1959 |||y0rusy50 ca
101 0 _arus
102 _aRU
105 _ay z |||||
200 1 _aРезультаты эксплуатации моторвагонного поезда переменного тока с полупроводниковым выпрямителем
210 _d1959
_aБ. м.
461 0 _1001rc\4971070
_12001#$aЭлектротехническая промышленность за рубежом$eПеревод$e№ 4553-$fЦентр. бюро техн. информации. НИИ электропром-сти$v№ 5618
_99155556
_cМосква
_d1958
_fЦентр. бюро техн. информации. НИИ электропром-сти
_nБ. и.
_oПеревод : № 4553-
_tЭлектротехническая промышленность за рубежом
_v№ 5618
700 1 _aБрохол
701 1 _aРид
801 0 _aRU
_bNLR
_gpsbo
801 1 _aRU
_bELAR
_2rusmarc
852 _aNLR
_j60-8/915
942 _cBOOK
980 _aNB